| 000 | 00737nam a2200217 i 4500 | ||
|---|---|---|---|
| 001 | 185896 | ||
| 003 | ES-MaACL | ||
| 005 | 20250830095403.0 | ||
| 008 | 160819s1932 sp |||| | spa d | ||
| 100 | 1 |
_aWeber, Alfred. _9116250 |
|
| 245 | 1 | 0 |
_aLa crisis de la idea moderna de Estado en Europa / _cpor Alfredo Weber ; traducción del alemán de J. Pérez Bances. |
| 260 |
_aMadrid : _bRevista de Occidente, _c1932. |
||
| 300 |
_a182 p. ; _c19 cm. |
||
| 490 | 1 |
_aCuadernos de política ; _v4 |
|
| 650 | 0 | 7 |
_aEstado _2embne _912523 |
| 700 | 1 |
_aPérez Bances, José Ramón. _990655 |
|
| 830 | 1 |
_aCuadernos de política ; _v4 _9192430 |
|
| 852 |
_aES-MaACL _jC-8229 |
||
| 852 |
_aES-MaACL _jC-8426 |
||
| 999 |
_c185896 _d185896 |
||